Furniture & furnishings / (Record no. 67264)
[ view plain ]
| 000 -LEADER | |
|---|---|
| fixed length control field | 00715nam a2200253 a 4500 |
| 001 - CONTROL NUMBER | |
| control field | 67264 |
| 003 - CONTROL NUMBER IDENTIFIER | |
| rucl marc code | BD-RjUL |
| 005 - DATE AND TIME OF LATEST TRANSACTION | |
| control field | 20211209081631.0 |
| 008 - FIXED-LENGTH DATA ELEMENTS--GENERAL INFORMATION | |
| fixed length control field | 170323s19981996enkao 001 0 eng d |
| 020 ## - INTERNATIONAL STANDARD BOOK NUMBER | |
| International Standard Book Number | 1840910011 |
| 035 ## - SYSTEM CONTROL NUMBER | |
| System control number | (BD-RjUL)67395 |
| 040 ## - CATALOGING SOURCE | |
| Original cataloging agency | BDS |
| Language of cataloging | eng |
| Transcribing agency | BD-RjUL |
| 041 ## - LANGUAGE CODE | |
| Language code of text/sound track or separate title | eng |
| 082 0# - DEWEY DECIMAL CLASSIFICATION NUMBER | |
| Classification number | 645 |
| Edition number | 23 |
| Author mark and year | PAF 1998 |
| 100 1# - MAIN ENTRY--PERSONAL NAME | |
| Personal name | Paine, Melanie. |
| 9 (RLIN) | 199296 |
| 245 10 - TITLE STATEMENT | |
| Title | Furniture & furnishings / |
| Statement of responsibility, etc. | Melanie Paine. |
| 260 ## - PUBLICATION, DISTRIBUTION, ETC. (IMPRINT) | |
| Place of publication, distribution, etc. | London : |
| Name of publisher, distributor, etc. | Conran Octopus, |
| Date of publication, distribution, etc. | 1998. |
| 300 ## - PHYSICAL DESCRIPTION | |
| Pagination | 80 p. : |
| Illustrations | ill. ; |
| Size | 24 cm. |
| 500 ## - GENERAL NOTE | |
| General note | Includes index. |
| 650 #0 - SUBJECT ADDED ENTRY--TOPICAL TERM | |
| Topical term or geographic name as entry element | House furnishings. |
| 9 (RLIN) | 44822 |
| Topical term or geographic name as entry element | Interior decoration |
| Form subdivision | Amateurs' manuals. |
| 9 (RLIN) | 199297 |
| Topical term or geographic name as entry element | Interior decoration. |
| 9 (RLIN) | 199298 |
| 942 ## - ADDED ENTRY ELEMENTS (KOHA) | |
| Source of classification or shelving scheme | Dewey Decimal Classification |
| Koha item type | Books |
| Lost status | Source of classification or shelving scheme | Damaged status | Not for loan | Collection code | Permanent Location | Current Location | Shelving location | Date acquired | Source of acquisition | Cost, normal purchase price | Total Checkouts | Full call number | Date last seen | Copy number | Koha item type |
|---|---|---|---|---|---|---|---|---|---|---|---|---|---|---|---|
| Dewey Decimal Classification | Not For Loan | Non-fiction | Central Library, University of Rajshahi | Central Library, University of Rajshahi | Reading Room | 23/03/2009 | Dhaka, Paragon enterprise ltd. | 12.99 | 645 PAF 1998 | 23/03/2017 | C-1 | Books |